Kekangan penglibatan murid dalam aktiviti kokurikulum sukan dan permainan sekolah rendah di Johor /
Saved in:
| Main Author: | |
|---|---|
| Format: | Thesis Book |
| Language: | Malay |
| Published: |
2019
|
| Tags: |
Add Tag
No Tags, Be the first to tag this record!
|
| LEADER | 01005nam a2200253 i 4500 | ||
|---|---|---|---|
| 001 | u1163849 | ||
| 003 | SIRSI | ||
| 005 | 202308090900 | ||
| 008 | 230809s2019 my a m 000 0 may u | ||
| 040 | |a UMD |e rda | ||
| 090 | |a LB7 |b B6 UM 2019 Sithr | ||
| 100 | 0 | |a Siti Hawa Ramlee, |e author. | |
| 245 | 1 | 0 | |a Kekangan penglibatan murid dalam aktiviti kokurikulum sukan dan permainan sekolah rendah di Johor / |c Siti Hawa binti Ramlee. |
| 264 | 1 | |c 2019 | |
| 300 | |a xv, 156 leaves : |b illustrations ; |c 30cm | ||
| 336 | |a text |2 rdacontent | ||
| 337 | |a unmediated |2 rdamedia | ||
| 338 | |a volume |2 rdacarrier | ||
| 502 | |b M.Ed.Physc. |c Jabatan Pendidikan Matematik dan Sains, Fakulti Pendidikan, Universiti Malaya |d 2019. | ||
| 504 | |a Bibliography : |b leaves 128-141. | ||
| 530 | |a Also issued in cd. | ||
| 710 | 2 | |a Universiti Malaya. |b Jabatan Pendidikan Matematik dan Sains, |e degree granting institution. | |
| 596 | |a 8 | ||
| 999 | |a LB7 B6 UM 2019 SITHR |w LC |c 1 |i A517759978 |l INPROCESS |m P08PENDIDI |r Y |s Y |t TESIS |u 9/8/2023 |1 AHSS | ||
